Politica e diritto in Hobbes
Uloženo v:
| Hlavní autor: | |
|---|---|
| Médium: | Kniha |
| Jazyk: | angličtina němčina francouzština italština |
| Vydáno: |
Milán
A. Giuffrè
1995
|
| Edice: | Università degli Studi di Teramo, 1
|
| Témata: | |
| Tagy: |
Přidat tag
Žádné tagy, Buďte první, kdo vytvoří štítek k tomuto záznamu!
|
MARC
| LEADER | 00000nam a2200000 a 4500 | ||
|---|---|---|---|
| 001 | UCN2818 | ||
| 003 | CL-VaPUC | ||
| 005 | 20211119190110.0 | ||
| 008 | 010608e19950000IT |||||||||||||||||eng|d | ||
| 999 | |c 295849 |d 295847 | ||
| 040 | |c Pontificia Universidad Católica de Valparaíso | ||
| 041 | 0 | 7 | |a eng |2 CL-VaPUC |
| 041 | 0 | 7 | |a ger |2 CL-VaPUC |
| 041 | 0 | 7 | |a fre |2 CL-VaPUC |
| 041 | 0 | 7 | |a ita |2 CL-VaPUC |
| 082 | 0 | 4 | |a 320.092 |b SOR |2 21 |
| 100 | 0 | |a Sorgi, Giuseppe |e author |9 459010 | |
| 245 | 1 | 0 | |a Politica e diritto in Hobbes |
| 260 | |a Milán |b A. Giuffrè |c 1995 | ||
| 300 | |a 224 p | ||
| 490 | 0 | |a Università degli Studi di Teramo, 1 | |
| 583 | |a last modification |c 20160913 04:24:19 |k Rodrigo Vera | ||
| 600 | 0 | |a Hobbes, Thomas |d 1588-1679 |9 860396 | |
| 600 | 0 | |a Kelsen, Hans |d 1881-1973 |9 859087 | |
| 650 | 7 | |a FILOSOFIA POLITICA |2 CL-VaPUC |9 459011 | |
| 650 | 0 | |a Teología política |9 443181 | |
| 852 | |a BIBCUR | ||
| 942 | |c BK |2 ddc | ||
| 945 | |d 20010608 00:00:00 |a vberengu | ||
| 952 | |0 0 |1 0 |4 0 |6 320_092000000000000_SOR_1995 |7 0 |8 DER_HIS |9 349235 |a BIBDER |b BIBDER |d 2019-11-20 |i 3712109 |o 320.092 SOR 1995 |p 3712109 |r 2023-01-25 |w 2019-11-20 |x Ubicación 4to Piso |y BK |z Estos recursos deben solicitarse con anticipación |k DER | ||